000 00640nam a2200229 i 4500
001 bg
100 1 _aZawada, Józef.
245 1 0 _aWybrane zagadnienia z podstaw metrologii /
_cJózef Zawada ; Politechnika Łódzka.
260 _aŁódź :
_bWydaw. PŁ,
_c1997.
300 _a120 s. :
_brys., wykr. ;
_c25 cm.
504 _aBibliogr. s. 120.
650 9 _aPomiary
655 _aPodręczniki akademickie
710 0 _aPOLITECHNIKA ŁÓDZKA (Łódź)
020 _a8387198188
040 _cBPK
041 0 _apl
080 _a006.91(075.8)
920 _a83-87198-18-8
942 _cKS
008 s pl f |000 0 pol
999 _c32792
_d32792
856 _uhttp://koha.tu.koszalin.pl/cgi-bin/koha/opac-detail.pl?biblionumber=32792
_yKatalog online BPK